000 01015nas a2200325 4500
001 BR9207942
003 BR-BrBNA
005 20231205093048.0
007 ta
008 230509b bl.|||p| |||| 00| 00por d
040 _aBR-BrBNA
_bpor
_cBiblioteca Nacional de Agricultura
041 _a(Pt)
072 _aQ02
100 1 _aWosiacki, G.
100 1 _aNamiuchi, N.N.
100 1 _aCeribelli, M.I.P.F.
100 1 _aSataque, E.Y.
100 1 _aSichieri, V.L.F.S.
100 1 _aOliveira, T.C.R.M.
100 1 _aCesar, E. de O.
245 1 _aEstabilidade do suco clarificado de maca. Parte 1: processo de obtencao do suco de maca
246 1 _aStability of clarified apple juice. Part 1: processing of apple juice
650 _aSUCO
650 _aMACA
650 _aESTABILIZADOR
650 _aCLARIFICACAO
773 0 _tArquivos de Biologia e Tecnologia (Brazil)
_xISSN 0365-0979
_g(Oct 1989), v. 32(4) p. 775-786
_wBR9207942
909 _a202311
_bLúcia
_c55
_dLúcia Elande
942 _2AGRIS
_n0
_cANA
999 _c135981
_d135981